Statistiken für Fußballvereine im Ruhrgebiet (Liga 1-5)

Klicken Sie hier um das Quiz zu spielen!

Allgemein

  • Dieses Quiz wurde 651 mal gespielt
    (186 seit der letzten Aktualisierung)
  • Das Durchschnittsergebnis liegt bei 6 aus 20

Antwortstatistiken

Liga 23/24Verein% Korrekt
2. BundesligaFC Schalke 04
94%
BundesligaBorussia Dortmund
90%
BundesligaVfL Bochum
83%
3. LigaRot-Weiß Essen
77%
3. LigaMSV Duisburg
66%
Regionalliga WestRot-Weiß Oberhausen
65%
Oberliga WestfalenSG Wattenscheid 09
42%
Oberliga NiederrheinSchwarz-Weiß Essen
26%
Oberliga WestfalenASC Dortmund
12%
Oberliga WestfalenTuS Bövinghausen
8%
Oberliga WestfalenWestfalia Rhynern
8%
Oberliga WestfalenTürkspor Dortmund
7%
Oberliga NiederrheinSF Hamborn 07
6%
Oberliga NiederrheinMülheimer FC 97
5%
Oberliga WestfalenFC Brünninghausen
4%
Oberliga WestfalenTuS Ennepetal
4%
Oberliga NiederrheinVfB Homberg
4%
Oberliga NiederrheinDJK Adler Union Frintrop
3%
Oberliga NiederrheinSpVg Schonnebeck
3%
Oberliga WestfalenTSG Sprockhövel
3%

Verteilung der Resultate

Perzentil nach korrekt beantworteten Fragen

Anzahl Personen mit jedem Resultat

Ihre Resultats-Entwicklung

Sie haben dieses Quiz seit der letzten Aktualisierung nicht gespielt